00877nam a2200217Ia 4500008004100000082001700041100001600058245003400074250000800108260002800116300000900144500002400153650001600177700001600193942000700209952010600216952010600322952010700428952010700535999001700642230524s9999 xx 000 0 und d a621.381bMIT aA.K.Vanwasi 0aPulse and Digital Electronics a2ND aNEW DELHIbKhannac2004 a1154 aQuantity Number: 4 aElectronics a G.K.Mithal cBK 00104070aTATCLbTATCLcGENd2023-05-24l0o621.381 MITp6003r2023-05-24w2023-05-24yBKzCPEC5404 00104070aTATCLbTATCLcGENd2023-05-24l0o621.381 MITp6004r2023-05-24w2023-05-24yBKzCPEC5404 00104070aTATCLbTATCLcGENd2023-05-24l0o621.381 MITp16972r2023-05-24w2023-05-24yBKzCPEC5404 00104070aTATCLbTATCLcGENd2023-05-24l0o621.381 MITp19489r2023-05-24w2023-05-24yBKzCPEC5404 c22836d22836